000 00416nam a22001217a 4500
082 _aTHE 200
100 _aMUHAMMAD DURAB
_915390
245 _aTH-SOF-0967-IMPORTANCE OF MOTIVATIONAL FACTORS AMONG ENGINEERS AND MEDICAL DOCTORS IN RAWALPINDIISLAMABAD, PAKISTAN 2014
260 _aNUST COLLEGE OF EME
_bISLAMABAD
_c2001
650 _aMS-EM-7 MSTHESIS
_969831
700 _a DR MOHSIN ISLAM TIAWANA
_972638
942 _cCF
999 _c578633
_d578633